Mode d'emploi a monde ouvert : l'espace, le temps, le vivant, la matiere

Αποθηκεύτηκε σε:
Λεπτομέρειες βιβλιογραφικής εγγραφής
Κύριος συγγραφέας: Nembrini, J.-L
Μορφή: Βιβλίο
Γλώσσα:French
Δημοσίευση: Paris : Hachette, 1995
Σειρά:Decouverte du monde (Gallimard (Firm))
Θέματα:
Ετικέτες: Προσθήκη ετικέτας
Δεν υπάρχουν, Καταχωρήστε ετικέτα πρώτοι!

MARC

LEADER 00000nam a2200000 i 4500
001 1/58676
008 020219s1995 fre d
020 |a 2-01-115848-6 
035 |l 10000371 
040 |a GR-MY-UA  |b gre  |e aacr 
041 0 |a fre 
082 0 |a 372.0944 
100 1 |a Nembrini, J.-L. 
245 1 0 |a Mode d'emploi a monde ouvert :  |b l'espace, le temps, le vivant, la matiere /  |c J.-L. Nembrini ... [et al.] 
260 |a Paris :   |b Hachette,   |c 1995 
300 |a 31 p. 
490 1 |a Decouverte du monde (Gallimard (Firm)) 
650 0 0 |a Life (Biology)  |x Study and teaching (Elementary)  |z France. 
650 0 0 |a Matter  |x Study and teaching (Elementary)  |z France. 
650 0 0 |a Science  |x Study and teaching (Elementary)  |z France. 
830 0 |a Decouverte du monde (Gallimard (Firm)) 
852 |a INST  |b RHODES  |e 20020219  |h 372.0944 MOD  |p 005400011278  |q 005400011278  |t BK  |y 0 
909 |a Ρ  |b 052662 
922 |a 4ΕΛΗ  |b 199712  |c ΧΑΤΖΗΝΙΚΗΤΑ 
970 |a ΚΟΥΛΑΚΙΟΤΗ  |b ΛΙΤΣΑ  |z 2002/02/19